000 00416nam a22001817a 4500
003 NUST
020 _a9788120335813
038 _akhadija
082 _a658.404
_bTAY
100 _aTaylor
_985141
245 _aA Survival Guide for project Managers
250 _a2nd ed.
260 _aNew Delhi :
_bPHI Learning,
_c2008.
300 _a312 p. ;
_b22 cm.
500 _aPaperback.
563 _aPB
942 _cBK
_2ddc
999 _c33657
_d33657